Países con más grupos de metal - Estadísticas

Estadísticas generales
  • Esta prueba ha sido intentada 149 veces
  • La puntuación promedio es 20 de 26
Estadísticas de respuestas
Total Por 100,000 País % Correcto
27,420 Estados Unidos
100%
4,631 46.07 Suecia
97%
3,666 España
95%
31.64 Noruega
95%
2,879 México
94%
4,107 Rusia
94%
5,211 Reino Unido
93%
10,939 13.27 Alemania
92%
5,133 Francia
92%
4,180 Canadá
90%
3,896 70.05 Finlandia
90%
6,109 Brasil
89%
6,528 Italia
85%
2,595 Australia
79%
3,501 Polonia
78%
2,409 14.06 Países Bajos
77%
17.37 Dinamarca
76%
39.93 Islandia
70%
13.79 Austria
69%
18.17 Grecia
67%
13.87 República Checa
60%
15.80 Estonia
58%
14.57 Luxemburgo
43%
13.98 Eslovenia
37%
33.85 Liechtenstein
30%
16.39 Malta
27%
No se encontraron pruebas coincidentes
Distribución de puntuación
Porcentaje de gente con cada puntuación
Porcentaje por número respondido
Historial de tus puntuaciones
No has intentado esta prueba.